Algebraic structures of symmetric domains

Guardat en:
Dades bibliogràfiques
Autor principal: Satake, Ichiro (Autor)
Format: Llibre
Idioma:anglès
Publicat: Princeton Princeton University 1980
Col·lecció:Publication of the Mathematical Society of Japan, 14
Matèries:
Etiquetes: Afegir etiqueta
Sense etiquetes, Sigues el primer a etiquetar aquest registre!

MARC

LEADER 00000nam a2200000 a 4500
001 UCQ8388
003 CL-VaPUC
008 981209e19800000us |||||||||||||||||eng|d
082 0 4 |a 512.5  |b SAT  |2 21 
100 0 |a Satake, Ichiro  |e author  |9 422370 
245 1 0 |a Algebraic structures of symmetric domains 
300 |a 321 p 
942 |c BK 
945 |d 19981209 00:00:00  |a crobeson 
260 |a Princeton  |b Princeton University  |c 1980 
650 7 |a DOMINIOS SIMETRICOS  |2 CL-VaPUC  |9 422371 
650 7 |a MAPEOS HOLOMORFICOS  |2 CL-VaPUC  |9 422372 
650 0 |a Estructuras algebraicas  |9 422373 
583 |a last modification  |c 20171205 04:58:05  |k Rodrigo Vera 
490 0 |a Publication of the Mathematical Society of Japan, 14 
999 |c 277673  |d 277671